Karlsbad und Umgebung (Record no. 6644)

MARC details
000 -CABECERA
campo de control de longitud fija 00751nam a2200229 a 4500
001 - NÚMERO DE CONTROL
campo de control BRCA_6962
005 - FECHA Y HORA DE LA ÚLTIMA TRANSACCIÓN
campo de control 20190320205648.0
008 - DATOS DE LONGITUD FIJA--INFORMACIÓN GENERAL
campo de control de longitud fija 221111s1921----gw-ab#####---#000-0#ger-#
041 ## - CÓDIGO DE LENGUA
Código de lengua del texto/banda sonora o título independiente ger
044 ## - CÓDIGO DEL PAÍS DE LA ENTIDAD EDITORA/PRODUCTORA
Código MARC del país gw
050 #4 - SIGNATURA TOPOGRÁFICA DE LA BIBLIOTECA DEL CONGRESO
Número de clasificación DB879
Número de documento/Ítem .K3 K5
-- 1921
100 1# - ENTRADA PRINCIPAL--NOMBRE DE PERSONA
Nombre de persona Klöpsch, Franz Xaver
9 (RLIN) 17351
245 10 - MENCIÓN DE TÍTULO
Título Karlsbad und Umgebung
Resto del título Praktischer Führer fur Kurgäste und Touristen
Mención de responsabilidad, etc. bearbeitet von Franz Xaver Klöpsch
260 ## - PUBLICACIÓN, DISTRIBUCIÓN, ETC.
Lugar de publicación, distribución, etc. Berlín
Nombre del editor, distribuidor, etc. Albert Goldschmidt
Fecha de publicación, distribución, etc. 1921
300 ## - DESCRIPCIÓN FÍSICA
Extensión 96 p.
Otras características físicas il., 1 mapa
Dimensiones 15 cm.
440 #0 - MENCIÓN DE SERIE/PUNTO DE ACCESO ADICIONAL--TÍTULO
Título Griebens Reiseführer
Designación de volumen o secuencia 43
9 (RLIN) 17352
500 ## - NOTA GENERAL
Nota general Estado Físico: portada y primera página desprendida
500 ## - NOTA GENERAL
Nota general L152
651 #4 - PUNTO DE ACCESO ADICIONAL DE MATERIA--NOMBRE GEOGRÁFICO
Nombre geográfico Karlovy Vary (República Checa)
Subdivisión de forma Guía de viajeros
9 (RLIN) 17353
902 ## - CATALOGADOR
Iniciales GFM
942 ## - ELEMENTOS DE PUNTO DE ACCESO ADICIONAL (KOHA)
Fuente del sistema de clasificación o colocación Library of Congress Classification
Tipo de ítem Koha Libros
Holdings
Estado de retiro Estado de pérdida Estado dañado No para préstamo Localización permanente Ubicación/localización actual Fecha de adquisición Número de inventario Total de préstamos Signatura topográfica completa Código de barras Fecha visto por última vez Precio válido a partir de Tipo de ítem Koha
El ejemplar forma parte de la colección y puede ser consultado según las políticas vigentes.       Biblioteca del Museo Franz Mayer (Rogerio Casas-Alatriste) Biblioteca del Museo Franz Mayer (Rogerio Casas-Alatriste) 22/11/2011 L152   DB879 .K3 K5 1921 (L152) 7409 22/03/2019 22/03/2019 Libros